Návrh opatrení na zefektívnenie procesu vzdelávania zamestnancov na základe tvorby Micro e-learningových videí v podniku ŽOS Trnava, a.s.

Enregistré dans:
Détails bibliographiques
Auteur principal: Krupa, Martin (Auteur)
Autres auteurs: Mesárošová, Jana (Directeur de thèse)
Format: Manuscrit Livre
Langue:slovaque
Publié: 2023
Sujets:
Accès en ligne:http://is.stuba.sk/zp/portal_zp.pl?podrobnosti=163931
Tags: Ajouter un tag
Pas de tags, Soyez le premier à ajouter un tag!

MARC

LEADER 00000ntm a22000003a 4500
001 stuzp93188
003 SK-STU
005 20230909214253.0
007 ta
008 150427s2015----xo-----f-mn---000-0-slo-d
040 |a STU  |b slo 
041 0 |a slo 
100 1 |a Krupa, Martin  |u 064000  |4 aut  |U MTF Materiálovotechnologická fakulta  |T MTF Ústav priemyselného inžinierstva a manažmentu  |X 111751  |U M4000  |Y 84  |7 111751 
242 0 1 |a Proposal of measures to streamline the process of employee education based on the creation of Micro e-learning videos in the ŽOS Trnava, a.s. enterprise  |y eng 
245 1 0 |a Návrh opatrení na zefektívnenie procesu vzdelávania zamestnancov na základe tvorby Micro e-learningových videí v podniku ŽOS Trnava, a.s. 
260 |c 2023 
650 4 |a BOZP školenie  |2 slo 
650 4 |a efektivita  |2 slo 
650 4 |a e-learning  |2 slo 
650 4 |a Micro e-learningové video  |2 slo 
650 4 |a vzdelávanie  |2 slo 
650 4 |a BOZP training  |2 eng 
650 4 |a education  |2 eng 
650 4 |a effectiveness  |2 eng 
650 4 |a Micro e-learning video  |2 eng 
650 4 |a e-learning  |2 eng 
700 1 |a Mesárošová, Jana  |u 064000  |k Z1  |4 ths  |U MTF Materiálovotechnologická fakulta  |T MTF Ústav priemyselného inžinierstva a manažmentu  |X 33022  |U M4000  |Y 84  |7 A000033022 
856 4 |u http://is.stuba.sk/zp/portal_zp.pl?podrobnosti=163931 
996 |c M* BP-9613  |l MMSKP  |s P  |a 0  |w stuzp93188_0001